000 00426nam a2200169Ia 4500
008 220204s9999 xx 000 0 und d
020 _a817110908
082 _a347.78
_bLAL
245 0 _aKUMAR'S intellectual property handbook
250 _aEd.2
260 _aAllahabad
_bLaw Publishers(India)
_c2001
650 _aCopyright act
650 _aPatents act
650 _aTrademarks act
700 _aLal, C S
942 _cBK
999 _c42085
_d42085